[Event "AUS-ch Major"]
[Site "Cammeray"]
[Date "2018.01.12"]
[Round "11"]
[White "Tatam, Mark"]
[Black "Dickson, Ian C"]
[Result "0-1"]
[WhiteElo "1369"]
[BlackElo "1656"]
[PlyCount "54"]
[EventDate "2018.01.02"]
[EventType "swiss"]
[EventRounds "11"]
[EventCountry "AUS"]
[SourceTitle "CBM 182 Extra"]
[Source "ChessBase"]
[SourceDate "2018.02.23"]
[SourceVersion "1"]
[SourceVersionDate "2018.02.23"]
[SourceQuality "1"]

1. e4 e6 2. d4 d5 3. Nd2 c5 4. exd5 Qxd5 5. dxc5 Bxc5 6. Ngf3 Nf6 7. Bd3 Nc6 8. 0-0 0-0 9. a3 e5 10. Re1 Bg4 11. Ne4 Rad8 12. Bg5 Be7 13. Bxf6 gxf6 14. Nc3 Qe6 15. Qd2 Bxf3 16. Qh6 Rxd3 17. cxd3 Qg4 18. Qh3 Qxh3 19. gxh3 Nd4 20. Rac1 Kh8 21. Re3 Rg8+ 22. Kf1 Bg2+ 23. Ke1 Bf3 24. Kf1 Bg2+ 25. Ke1 Nf5 26. Re2 Bf3 27. Rec2 Nd4 0-1